000 00404cam a2200157ua 4500
041 _aeng
_h
082 _a330.1
_bRAM/LE
100 _aRamakrishna, K.T .
245 _aLecturer on advanced economic theory /
_cK.T.Ramakrishna.
_hTextual Documents
250 _a1 /
_b.
260 _aMumbai :
_bAsia Publishing House ,
_c1965.
300 _a314 ; .
504 _a
942 _cBK
999 _c2101
_d2101